000 01103nas a2200301 4500
001 BR9202818
003 BR-BrBNA
005 20231205092548.0
007 ta
008 230509b bl.|||p| |||| 00| 00por d
040 _aBR-BrBNA
_bpor
_cBiblioteca Nacional de Agricultura
041 _a(Pt)
072 _aH10
100 1 _aZanuncio, T.V.
100 1 _aSaraiva, R.S.
100 1 _aZanuncio, J.C.
100 1 _aRodrigues, L.A.
100 1 _aPereira, J.F.
245 1 _aLevantamento e flutuacao populacional de lepidopteros associados a eucaliptocultura. 11: regiao de Tres Marias, Minas Gerais, junho de 1989 a maio de 1990
246 1 _aMonitoring and population fluctuation of Lepidoptera associated with Eucalyptus urophylla. 11: Tres Maria region, Minas Gerais, Brazil, june 1989 to may 1990
650 _aEUCALIPTO
650 _aLEPIDOPTERO
650 _aFLUTUACAO POPULACIONAL
650 _aMINAS GERAIS
773 0 _tRevista Ceres (Brazil)
_xISSN 0034-737X
_g(Sep-Oct 1991), v. 38(219) p. 373-382
_wBR9202818
909 _a202311
_bLúcia
_c55
_dLúcia Elande
942 _2AGRIS
_n0
_cANA
999 _c132521
_d132521